deviner le meuble - Statistiques

Statistiques générales
  • Ce quiz a été pris 32 fois
  • Le résultat moyen est 3 sur 5
Statistiques - réponses
Réponse % Correct
table
100%
chaise
95%
bureau
50%
armoire
41%
sofa
36%
Aucun quiz correspondant
Distribution des résultats
% des personnes avec chaque résultat
Percentile par nombre de réponses
Votre historique - résultats
Vous n’avez pas pris ce quiz